000 00372 a2200109 4500
001 ART_6206
005 20260410161825.0
008 260409a
245 1 0 _aDiagnóstico preliminar de la inserción laboral del graduado universitario en turismo en el Mercosur
100 1 _aBiasone, Ana María
773 0 _tFACES
_g- Año 2, Nº 3 (dic. 1996)
_wREV5046
999 _c22718
_d22718